000 00470nmm a2200157Ia 4500
008 251105s9999||||xx |||||||||||||||||und||
020 _a9788417977559
041 _aspa
100 _aHalfón, Eduardo
245 0 _aCanción
264 _a[Madrid, España] :
_bLibros del asteroide,
_c[Fecha de publicación no identificada]
300 _a128 páginas
650 _aLatin American narrative
856 _uhttps://public.digitaliapublishing.com/a/100045
942 _cCF
999 _c79378
_d79378